5HLuxD.jpg

KING HENRY VIII SENIOR AND PRIMARY SCHOOL LIBRARY OPAC

WHEN I'M FEELING NERVOUS (Record no. 4651)

000 -LEADER
fixed length control field 00353nam a22001217a 4500
008 - FIXED-LENGTH DATA ELEMENTS--GENERAL INFORMATION
fixed length control field 250307b ||||| |||| 00| 0 eng d
020 ## - INTERNATIONAL STANDARD BOOK NUMBER
International Standard Book Number 9781760680978
082 ## - DEWEY DECIMAL CLASSIFICATION NUMBER
Classification number E FIC MOR
100 ## - MAIN ENTRY--PERSONAL NAME
Personal name MORONEY,TRACE
Relator term AUTHOR
245 ## - TITLE STATEMENT
Title WHEN I'M FEELING NERVOUS
260 ## - PUBLICATION, DISTRIBUTION, ETC.
Place of publication, distribution, etc. 1 CENTRE ROAD,SCORESBY,VICTORIA 3179 AUSTRALIA
Name of publisher, distributor, etc. THE FIVE MILE PRESS PTY LTD
942 ## - ADDED ENTRY ELEMENTS (KOHA)
Source of classification or shelving scheme
Holdings
Withdrawn status Lost status Source of classification or shelving scheme Damaged status Not for loan Collection code Permanent Location Current Location Shelving location Date acquired Total Checkouts Total Renewals Full call number Barcode Date last seen Date last checked out Price effective from Koha item type Public note
          Fiction KH8 Primary School Library KH8 Primary School Library Fiction 2025-03-07 5 1 E FIC MOR KHPL000006466 2026-02-13 2026-02-03 2025-03-07 Books - Fiction KH8 PRIMARY LIBRARY

Powered By KH8 IT Dept